<?xml version="1.0" encoding="UTF-8"?>
<record
    xmlns:xsi="http://www.w3.org/2001/XMLSchema-instance"
    xsi:schemaLocation="http://www.loc.gov/MARC21/slim http://www.loc.gov/standards/marcxml/schema/MARC21slim.xsd"
    xmlns="http://www.loc.gov/MARC21/slim">

  <leader>009070000a22002530004500</leader>
  <controlfield tag="003">LK-CoMWRAF</controlfield>
  <controlfield tag="008">230817t2002       ||||| |||| 00| 0 eng d</controlfield>
  <datafield tag="020" ind1=" " ind2=" ">
    <subfield code="a">0971141215</subfield>
  </datafield>
  <datafield tag="040" ind1=" " ind2=" ">
    <subfield code="a">LK-CoMWRAF</subfield>
    <subfield code="d">LK-CoMWRAF</subfield>
    <subfield code="e">LK-CoMWRAF</subfield>
  </datafield>
  <datafield tag="041" ind1=" " ind2=" ">
    <subfield code="a">eng</subfield>
  </datafield>
  <datafield tag="082" ind1=" " ind2=" ">
    <subfield code="a">305.42</subfield>
    <subfield code="b">RAC</subfield>
  </datafield>
  <datafield tag="111" ind1=" " ind2=" ">
    <subfield code="a">WORLD CONFERENCE AGAINST RACISM, RACIAL DISCRIMINATION, XENOPHOBIA AND RELATED INTOLERANCE</subfield>
    <subfield code="c">(Durban, South Africa,</subfield>
    <subfield code="d">2001)</subfield>
  </datafield>
  <datafield tag="245" ind1=" " ind2=" ">
    <subfield code="a">Women At The Intersection:</subfield>
    <subfield code="b">indivisible rights, identities, and oppressions</subfield>
  </datafield>
  <datafield tag="260" ind1=" " ind2=" ">
    <subfield code="a">New Jersey:</subfield>
    <subfield code="b">Center for Women's Global Leadership,</subfield>
    <subfield code="c">2002</subfield>
  </datafield>
  <datafield tag="300" ind1=" " ind2=" ">
    <subfield code="a">ix, 141p. ; 24 cm.</subfield>
    <subfield code="b">Glossary included</subfield>
  </datafield>
  <datafield tag="650" ind1=" " ind2=" ">
    <subfield code="a">WOMEN'S RIGHTS-Congresses</subfield>
  </datafield>
  <datafield tag="650" ind1="W" ind2=" ">
    <subfield code="a">Sex discrimination against women</subfield>
  </datafield>
  <datafield tag="650" ind1="W" ind2=" ">
    <subfield code="a">Sexual harassment of women</subfield>
  </datafield>
  <datafield tag="650" ind1="W" ind2=" ">
    <subfield code="a">Women--Crimes against</subfield>
  </datafield>
  <datafield tag="700" ind1=" " ind2=" ">
    <subfield code="a">Raj, Rita</subfield>
    <subfield code="e">ed.</subfield>
  </datafield>
  <datafield tag="700" ind1=" " ind2=" ">
    <subfield code="a">Bunch, Charlotte</subfield>
    <subfield code="e">ed.</subfield>
  </datafield>
  <datafield tag="700" ind1=" " ind2=" ">
    <subfield code="a">Nazombe, Elmira</subfield>
    <subfield code="e">ed.</subfield>
  </datafield>
  <datafield tag="942" ind1=" " ind2=" ">
    <subfield code="c">CP</subfield>
  </datafield>
  <datafield tag="952" ind1=" " ind2=" ">
    <subfield code="0">0</subfield>
    <subfield code="1">0</subfield>
    <subfield code="4">0</subfield>
    <subfield code="7">0</subfield>
    <subfield code="a">MAIN</subfield>
    <subfield code="b">MAIN</subfield>
    <subfield code="d">2023-08-17</subfield>
    <subfield code="l">0</subfield>
    <subfield code="o">305.42  RAC</subfield>
    <subfield code="p">RAF1804</subfield>
    <subfield code="r">2023-08-17</subfield>
    <subfield code="w">2023-08-17</subfield>
    <subfield code="y">CP</subfield>
  </datafield>
  <datafield tag="999" ind1=" " ind2=" ">
    <subfield code="c">421</subfield>
    <subfield code="d">421</subfield>
  </datafield>
</record>
